000 01250nam0a2200313 4500
001 RU\NLR\bibl\111374
005 20260406140508.0
010 _a5-7373-0133-8
_910000
021 _aRU
_b2000-21791
_91028
035 _a(NLR Aleph) 000109020
090 _a618006
_c618006
100 _a20001004d2000 |||y0rusy50 ca
101 0 _arus
102 _aRU
105 _ac |||||||||
200 1 _aНовые грозные слова, произнесенные в 1906 и 1907 годах "О Страшном Суде Божием, грядущем и приближающимся"
_fСв. правед. Иоанн Кронштадтский
210 _aСПб.
_cСатисъ
_d2000
215 _a95 с.
_cпортр.
_d21
606 0 _aПроповеди церковные православные
_91149726
_3RU\NLR\auth\66140499
606 0 _a"Страшный суд"
_92163934
_3RU\NLR\auth\661302122
686 _aЭ372.24-462.2
700 0 _4070
_8rus
_7ca
_aИоанн Кронштадтский
_cсвятой
_f1829-1908
_3RU\NLR\auth\773064
_9113070
801 0 _aRU
_bNLR
_c20001004
_gPSBO
801 1 _aRU
_bNLR
_c20001004
852 _aNLR
_j2000-4/5735
942 _cBOOK
980 _aNB